00363nam a22001457a 4500003000500000005001700005008004100022020001800063040000600081082001700087100002200104245005600126260002600182300000900208CEME20210628205032.0210223b xxu||||| |||| 00| 0 eng d a1-56091-601-X c. a629.25 DES'H aHarralson, Joseph aDesign of racing and high performance engines pt-53 aWARRENDALEbSAEc1995 a265P